000 00582nam a2200217Ia 4500
003 OSt
005 20220926042838.0
006 a|||||r|||| 00| 0
007 ta
008 220923b |||||||| |||| 00| 0 eng d
037 _cGeneral Book
040 _aRTL
_cRTL
_beng
041 _2eng
_aeng
082 _aX9wM39, E9;J8
100 _aFraser Lovat
_9293876
245 0 _aIron and steel in India
_b A chapter from the life
260 _c1958
650 _aIndustry Economics
942 _hX9wM39, E9;J8
_cGB
_2CC
999 _c670654
_d670654